00736cam a22002173i 450000500170000000800410001702000150005802000180007303500210009104000500011204100080016224501170017026000420028730000220032950400530035165000160040465000280042065000170044870000260046570000270049120150504075528.0050504s2014 enk fr 001 0 eng d a1138020672 a9781138020672 a(OCoLC)880966326 aCO-BoUCMbspacJose A. GerenadJose A. Gerena0 aeng00aBoundaries of journalism bprofessionalism, practices and participationceditado por Matt Carlson, Seth C. Lewis aLondres (Inglaterra)bRoutledgec2014 axi, 233 páginas aIncluye referencias bibliográficas e índices 7aPeriodismo  7aÉtica periodística  7aPeriodistas 1 aCarlson, Matteeditor1 aLewis, Seth C.eeditor